USA - zmombardowane kraje - Statystyki

Ogólne statystyki
  • Ten quiz został rozwiązany 419 razy
  • Średni wynik to 13 z 28
Statystyki odpowiedzi
Hint Odpowiedź % Poprawnych
1991- Irak
87%
1987-88 / 1998 / 2019- Iran
87%
1961-73 Wietnam
80%
1998 / 2001- Afganistan
79%
1950-53 Korea
78%
1945-46 / 1950-53 Chiny
76%
2016- Syria
76%
1959-60 Kuba
63%
2003- Pakistan
60%
1964-73 Laos
54%
1969-70 Kambodża
49%
1986 / 1989 / 2011- Libia
47%
1982-84 Liban
40%
1998 Sudan
40%
1992-94 Somalia
39%
1958 Indonezja
38%
1991 Kuwejt
38%
1999 Jugosławia
35%
1989-90 Panama
35%
1981-90 Nikaragua
26%
1981-92 Salwador
25%
1964 Kongo
24%
1995 Bośnia
23%
1953 / 1960 / 1964 / 1967-69 Gwatemala
23%
1965-66 Dominikana
22%
1994 Chorwacja
18%
1983-84 Grenada
18%
1965 Peru
17%
Nie znaleziono quizów pasujących do podanych kryteriów
Rozkład punktacji
Procent ludzi z każdym wynikiem
Percentyl według liczby udzielonych odpowiedzi
Twoja historia wyników
Nie rozwiązałeś tego quizu